Statistics for 2020s Underground Rappers

Click here to take the quiz!

General Stats

  • This quiz has been taken 89 times
  • The average score is 9 of 16

Answer Stats

Answer% Correct
Ken Carson
96%
Yeat
96%
Destroy Lonely
86%
Lucki
74%
Homixide Gang
72%
Summrs
72%
Autumn!
65%
Rich Amiri
57%
Kankan
53%
Dom Corleo
45%
SSGKobe
32%
Izaya Tiji
31%
OsamaSon
31%
Glokk40Spaz
28%
Yhapojj
23%
Hardrock
20%

Score Distribution

Percentile by Number Answered

Percent of People with Each Score

Your Score History

You have not taken this quiz